000 00936cam a2200313Ii 4500
001 43382
005 20230410123936.0
008 761022s1967 ag 000 0 spa d
035 _a(OCoLC)ocm02520443
040 _aIQU
_cIQU
_dOCL
_dDRFGD
035 _a(OCoLC)2520443
041 1 _aspa
_heng
050 1 4 _aLB 1027
_bM213p 1967
049 _aGRAL
100 1 _aMaguire, Edward Randall.
245 1 3 _aEl plan de los grupos de estudio /
_cEdward Randall Maguire.
250 _a6a ed.
260 _aBuenos Aires :
_bEditorial Losada,
_c1967.
300 _a143 p. ;
_c20 cm.
490 0 _aPublicaciones de la revista de pedagogĂ­a
500 _aTraducido de : The group-study plan: a teaching technic based on pupil participation,
650 0 _aEducation
_xExperimental methods.
650 0 _aTeaching.
650 0 _aEducation.
650 0 _aStudy skills.
942 _2lcc
_cbk
946 _acagreen
994 _aC0
_bDRFGD
999 _c68534
_d68534